Определение реактивной мощности по циклической вольтамперной характеристике; Электротехника, электромеханика и электротехнологии

書目詳細資料
Parent link:Электротехника, электромеханика и электротехнологии.— 2002.— С. 132-134.
主要作者: Иванов В. А.
其他作者: Гольдштейн Е. И. (научный руководитель)
語言:俄语
出版: 2002
主題:
格式: MixedMaterials Book Chapter
KOHA link:https://koha.lib.tpu.ru/cgi-bin/koha/opac-detail.pl?biblionumber=91535

MARC

LEADER 00000naa2a2200000 4500
001 91535
005 20231031104128.0
035 |a (RuTPU)RU\TPU\book\98123 
090 |a 91535 
100 |a 20060227d2002 k y0rusy50 ca 
101 0 |a rus 
102 |a RU 
200 1 |a Определение реактивной мощности по циклической вольтамперной характеристике  |f В. А. Иванов  |g науч. рук. Е. И. Гольдштейн 
463 0 |0 (RuTPU)RU\TPU\book\68512  |t Электротехника, электромеханика и электротехнологии  |o Труды Второй региональной научно-практической студенческой конференции, Томск, 4-7 июня 2002 г.  |f Томский политехнический университет; Электротехнический институт  |v С. 132-134.  |d 2002  |p 146 с. 
610 1 |a реактивная мощность 
610 1 |a потребление электроэнергии 
610 1 |a вольтамперные характеристики 
610 1 |a электроснабжение 
610 1 |a коммерческий учёт 
610 1 |a предприятия 
610 1 |a труды учёных ТПУ 
700 1 |a Иванов  |b В. А. 
702 1 |a Гольдштейн  |b Е. И.  |4 727 
801 1 |a RU  |b 63413507  |c 20060227  |g PSBO 
801 2 |a RU  |b 63413507  |c 20090731  |g PSBO 
942 |c BK